[Event "Bled ol f"]
[Site "?"]
[Date "2002.??.??"]
[Round "6"]
[White "Stevanec, Lea"]
[Black "Kagramanov, Dina"]
[Result "0-1"]
[WhiteElo "2111"]
[BlackElo "2088"]
[PlyCount "81"]
[EventDate "2002.??.??"]
[Source "CFC"]
[SourceDate "2003.04.??"]

1. e4 c5 2. Nf3 e6 3. d4 cxd4 4. Nxd4 a6 5. Bd3 Nc6 6. Nxc6 dxc6 7. O-O e5 8.
Qh5 Qc7 9. a4 Nf6 10. Qe2 Bg4 11. f3 Bc5+ 12. Kh1 Be6 13. Bg5 Nd7 14. c3 h6 15.
Bd2 a5 16. b4 axb4 17. cxb4 Bd4 18. Nc3 O-O 19. a5 Rfd8 20. Bc4 Nf8 21. Rac1
Qe7 22. b5 Bxc4 23. Qxc4 Rxa5 24. bxc6 Rc5 25. Qb4 bxc6 26. g4 Qh4 27. Rc2 Qh3
28. Rcc1 Ne6 29. Qb3 Bg1 30. Kxg1 Rxd2 31. Rf2 Rxf2 32. Kxf2 Qxh2+ 33. Ke1 Qg1+
34. Kd2 Qf2+ 35. Kd1 Qxf3+ 36. Kd2 Qf4+ 37. Kd1 Qxg4+ 38. Kd2 Qf4+ 39. Kd1 Qe3
40. Qb4 Qd4+ 41. Qxd4 0-1

[Event "Bled ol f"]
[Site "?"]
[Date "2002.??.??"]
[Round "7"]
[White "Kagramanov, Dina"]
[Black "Xu, Yaping"]
[Result "0-1"]
[WhiteElo "2088"]
[BlackElo "2074"]
[PlyCount "98"]
[EventDate "2002.??.??"]
[Source "CFC"]
[SourceDate "2003.04.??"]

1. e4 c5 2. Nf3 d6 3. d4 Nf6 4. Nc3 cxd4 5. Qxd4 a6 6. Bg5 Nc6 7. Qd2 e6 8.
O-O-O Be7 9. Nd4 Qc7 10. f4 Bd7 11. Be2 Nxd4 12. Qxd4 Bc6 13. Bf3 O-O-O 14. Na4
b5 15. Nc3 Kb8 16. Be2 Qb7 17. Bf3 h6 18. Bh4 b4 19. Ne2 g5 20. e5 Nd5 21. exd6
Bf6 22. Qc5 gxh4 23. Nd4 Bxd4 24. Rxd4 Qb5 25. Qxb5+ axb5 26. Bxd5 exd5 27.
Rxb4 Rxd6 28. a4 Kc7 29. axb5 Rb8 30. f5 Rxb5 31. Rxh4 d4 32. Re1 Rxf5 33. g3
Rf2 34. Rd1 f5 35. h3 Be4 36. Rd2 Rf3 37. g4 Rf4 38. Rh5 fxg4 39. hxg4 Rxg4 40.
Rdh2 Rg1+ 41. Kd2 Rg2+ 42. Rxg2 Bxg2 43. Kd3 Bf1+ 44. Ke4 Kc6 45. Kf4 Re6 46.
Rh1 Be2 47. Kf5 Kd5 48. Ra1 Rc6 49. Ra5+ Rc5 0-1

[Event "Bled ol f"]
[Site "?"]
[Date "2002.??.??"]
[Round "7"]
[White "Petronic, Sanja"]
[Black "Starr, Nava"]
[Result "1-0"]
[WhiteElo "2281"]
[BlackElo "2207"]
[PlyCount "47"]
[EventDate "2002.??.??"]
[Source "CFC"]
[SourceDate "2003.04.??"]

1. e4 g6 2. d4 Bg7 3. Nc3 c6 4. f4 d5 5. e5 h5 6. Nf3 Nh6 7. Be3 Bg4 8. h3 Nf5
9. Bf2 Bxf3 10. Qxf3 e6 11. g4 hxg4 12. hxg4 Rxh1 13. Qxh1 Nh6 14. Be2 Nd7 15.
O-O-O Qa5 16. Bh4 Ng8 17. f5 gxf5 18. gxf5 exf5 19. Rg1 Kf8 20. Kb1 Bh6 21. Bf2
Bd2 22. Qh7 Ngf6 23. exf6 Nxf6 24. Qg7+ 1-0

[Event "Bled ol f"]
[Site "?"]
[Date "2002.??.??"]
[Round "9"]
[White "Caoili, Arianne"]
[Black "Starr, Nava"]
[Result "0-1"]
[WhiteElo "2309"]
[BlackElo "2207"]
[PlyCount "62"]
[EventDate "2002.??.??"]
[Source "CFC"]
[SourceDate "2003.04.??"]

1. d4 Nf6 2. Nf3 g6 3. c4 c5 4. d5 b5 5. cxb5 a6 6. bxa6 Bxa6 7. g3 d6 8. Bg2
Bg7 9. O-O O-O 10. Re1 Nbd7 11. Nc3 Qc7 12. Qc2 Rfb8 13. e4 Ng4 14. Bf1 Nge5
15. Nxe5 Nxe5 16. Kg2 Qa5 17. Bg5 Rb7 18. Bxa6 Qxa6 19. Rad1 c4 20. Ra1 Rab8
21. b3 Nd3 22. Red1 Nc5 23. Rab1 cxb3 24. axb3 Rxb3 25. Rxb3 Rxb3 26. Rb1 Qc4
27. Rxb3 Nxb3 28. Bxe7 Bxc3 29. Qb1 Kg7 30. Bxd6 Nd2 31. Qe1 Nxe4 0-1

[Event "Bled ol f"]
[Site "?"]
[Date "2002.??.??"]
[Round "9"]
[White "Kagramanov, Dina"]
[Black "Mendoza, Beverly"]
[Result "1/2-1/2"]
[WhiteElo "2088"]
[BlackElo "2132"]
[PlyCount "83"]
[EventDate "2002.??.??"]
[Source "CFC"]
[SourceDate "2003.04.??"]

1. e4 e5 2. Nf3 Nc6 3. Nc3 Nf6 4. d4 exd4 5. Nd5 Be7 6. Bc4 O-O 7. O-O d6 8.
Nxd4 Ne5 9. Bb3 c5 10. Nf5 Bxf5 11. exf5 Nxd5 12. Bxd5 Qc7 13. Re1 Bf6 14. Bf4
Rad8 15. Re3 Rfe8 16. Rh3 Qe7 17. Qh5 h6 18. Rg3 Nd3 19. Qxf7+ Qxf7 20. Bxf7+
Kxf7 21. Rxd3 Re2 22. Rb3 b6 23. Rc1 Rde8 24. Be3 Bd4 25. Kf1 Bxe3 26. fxe3
R2xe3 27. Rxe3 Rxe3 28. Rd1 Ke7 29. Kf2 Re5 30. g4 d5 31. Rd3 Kd6 32. Ra3 a5
33. Rb3 Kc6 34. Rf3 Kd6 35. Rb3 Kc6 36. Rf3 Kd6 37. h3 Re4 38. f6 gxf6 39.
Rxf6+ Re6 40. Rf5 Re5 41. Rf6+ Re6 42. Rf5 1/2-1/2

[Event "Bled ol f"]
[Site "?"]
[Date "2002.??.??"]
[Round "10"]
[White "Benggawan, Amanda"]
[Black "Botvinnik, Irina"]
[Result "0-1"]
[WhiteElo "2046"]
[BlackElo "2187"]
[PlyCount "98"]
[EventDate "2002.??.??"]
[Source "CFC"]
[SourceDate "2003.04.??"]

1. e4 c5 2. Nf3 Nc6 3. d4 cxd4 4. Nxd4 Qb6 5. Nb3 Nf6 6. Nc3 e6 7. Bd3 Be7 8.
O-O O-O 9. Be3 Qc7 10. f4 d6 11. Qf3 a6 12. a4 Nb4 13. Rae1 e5 14. f5 Rd8 15.
a5 Qc6 16. Bb6 Re8 17. Kh1 Bf8 18. Rf2 Nd7 19. Nd5 Nxd3 20. cxd3 Nxb6 21. Rc1
Qb5 22. Nxb6 Rb8 23. Rc3 Bd7 24. Rfc2 Bc6 25. Nd2 Qxa5 26. Ndc4 Qb4 27. Rc1
Rbd8 28. Ra1 d5 29. exd5 Bb5 30. Qe2 Bc5 31. Qc2 Bd4 32. Rb3 Qe7 33. Re1 Qf6
34. d6 Qh4 35. Re2 Bxb6 36. Nxb6 Rxd6 37. Nc4 Rh6 38. h3 Ba4 39. Qc3 Bxb3 40.
Qxb3 Qf4 41. Kg1 b5 42. Ne3 Rc6 43. Nf1 Qxf5 44. Qd5 Qe6 45. Rxe5 Qxe5 46. Qxc6
Qe6 47. Qb7 h6 48. b4 Rd8 49. Ng3 Rxd3 0-1

[Event "Bled ol f"]
[Site "?"]
[Date "2002.??.??"]
[Round "10"]
[White "Borsuk, Angela"]
[Black "Khaziyeva, Dinara"]
[Result "1-0"]
[WhiteElo "2255"]
[BlackElo "2102"]
[PlyCount "63"]
[EventDate "2002.??.??"]
[Source "CFC"]
[SourceDate "2003.04.??"]

1. d4 Nf6 2. c4 c5 3. d5 e5 4. Nc3 d6 5. e4 Be7 6. h3 Nbd7 7. Be3 O-O 8. Bd3
Ne8 9. Qd2 Kh8 10. Nge2 a6 11. g4 g6 12. h4 Ndf6 13. f3 h5 14. g5 Nh7 15. O-O-O
Nc7 16. f4 b5 17. fxe5 dxe5 18. cxb5 Qd7 19. b6 Nb5 20. Bxb5 axb5 21. d6 Bd8
22. Bxc5 Bb7 23. Kb1 f5 24. gxf6 Nxf6 25. Qh6+ Nh7 26. Qxg6 b4 27. Bxb4 Bxb6
28. Qxh5 Qe6 29. Nd5 Rf2 30. Bc3 Bd4 31. Nxd4 Bxd5 32. Nxe6 1-0

[Event "Bled ol f"]
[Site "?"]
[Date "2002.??.??"]
[Round "10"]
[White "Klinova, Masha"]
[Black "Starr, Nava"]
[Result "1/2-1/2"]
[WhiteElo "2207"]
[BlackElo "2374"]
[PlyCount "65"]
[EventDate "2002.??.??"]
[Source "CFC"]
[SourceDate "2003.04.??"]

1. e4 d6 2. d4 Nf6 3. Nc3 g6 4. f4 Bg7 5. Nf3 c5 6. Bb5+ Bd7 7. e5 Ng4 8. e6
fxe6 9. Ng5 Bxb5 10. Nxb5 Qa5+ 11. c3 Qxb5 12. Qxg4 Bf6 13. Nxe6 Na6 14. dxc5
dxc5 15. Kf2 Qd3 16. Re1 h5 17. Qf3 Qxf3+ 18. Kxf3 b6 19. Re4 Kd7 20. Be3 Nc7
21. Rd1+ Kc6 22. Nxc7 Kxc7 23. Bf2 Rad8 24. Rxd8 Rxd8 25. Re2 Kc6 26. g3 Rd3+
27. Ke4 c4 28. Be3 Rd6 29. Rd2 Re6+ 30. Kf3 Rd6 31. Ke4 Re6+ 32. Kf3 Rd6 33.
Ke4 1/2-1/2

[Event "Bled ol f"]
[Site "?"]
[Date "2002.??.??"]
[Round "11"]
[White "Khaziyeva, Dinara"]
[Black "Garcia, Edith"]
[Result "1/2-1/2"]
[WhiteElo "2102"]
[BlackElo "2018"]
[PlyCount "163"]
[EventDate "2002.??.??"]
[Source "CFC"]
[SourceDate "2003.04.??"]

1. b3 e5 2. Bb2 d6 3. e3 Be7 4. c4 Nf6 5. d4 exd4 6. Qxd4 Nc6 7. Qd3 a5 8. a3
Ne5 9. Qc2 b6 10. Nf3 Nxf3+ 11. gxf3 Bb7 12. Nd2 Nh5 13. Rg1 Bf6 14. Bd3 g6 15.
Be4 Bxe4 16. Qxe4+ Kf8 17. O-O-O Bxb2+ 18. Kxb2 Qf6+ 19. Kc2 Re8 20. Qd3 Re7
21. f4 Ng7 22. Ne4 Qf5 23. Nc3 Qxd3+ 24. Rxd3 f5 25. b4 axb4 26. axb4 Ne8 27.
b5 Nf6 28. Nd5 Nxd5 29. cxd5 Kg7 30. Ra3 Rf8 31. Ra7 Kf6 32. h4 h6 33. Kd3 Rg8
34. Ra2 Re4 35. Rb1 g5 36. f3 Re7 37. Rg1 g4 38. fxg4 fxg4 39. e4 h5 40. Rg3
Rge8 41. Re3 Kg7 42. Kd4 Rf8 43. f5 Kf6 44. Raa3 Ree8 45. Ra4 Ra8 46. Raa3 Rfe8
47. Rec3 Rxa3 48. Rxa3 Rg8 49. Ke3 Ke5 50. f6 Kxf6 51. Kf4 Rg7 52. Rc3 Rf7 53.
Ra3 Kg6+ 54. Kg3 Kg7 55. Rc3 Kf8 56. Re3 Kg7 57. Rc3 Kf6 58. Kf4 Kg6+ 59. Kg3
Kg7 60. Re3 Kf8 61. Rc3 Ke8 62. Re3 Kd7 63. Kg2 Rf8 64. Ra3 Rf4 65. Re3 Ke7 66.
Rc3 Kf6 67. Rxc7 Rxe4 68. Rc6 Ke5 69. Rxb6 Kxd5 70. Rb8 Kc5 71. b6 Kc6 72. b7
Kc7 73. Rh8 Kxb7 74. Rxh5 Kc6 75. Rg5 d5 76. Kg3 d4 77. Rxg4 Kd5 78. Rxe4 Kxe4
79. Kf2 Kf4 80. Ke2 Kg4 81. Kd3 Kxh4 82. Kxd4 1/2-1/2

[Event "Bled ol f"]
[Site "?"]
[Date "2002.??.??"]
[Round "11"]
[White "Starr, Nava"]
[Black "Hernandez, Yadira"]
[Result "1-0"]
[WhiteElo "2207"]
[BlackElo "2234"]
[PlyCount "79"]
[EventDate "2002.??.??"]
[Source "CFC"]
[SourceDate "2003.04.??"]

1. e4 Nf6 2. e5 Nd5 3. c4 Nb6 4. b3 d6 5. exd6 cxd6 6. Bb2 Nc6 7. d4 Bf5 8. Bd3
Bg6 9. Nf3 Nd7 10. O-O Bxd3 11. Qxd3 g6 12. d5 Nce5 13. Nxe5 Nxe5 14. Qe2 f6
15. Nd2 Qb6 16. Kh1 h5 17. Ne4 O-O-O 18. h3 Kb8 19. f4 Ng4 20. c5 dxc5 21. hxg4
hxg4+ 22. Kg1 Rxd5 23. Qf2 Rdh5 24. Ng3 Rh2 25. Rac1 g5 26. fxg5 Qc6 27. Rfd1
Bg7 28. gxf6 exf6 29. Rc2 Qc7 30. Rxc5 Rh1+ 31. Nxh1 Qh2+ 32. Kf1 Qxh1+ 33. Qg1
Qh7 34. Rcd5 Rc8 35. Rd8 Qf5+ 36. Qf2 Qb5+ 37. Kg1 Rxd8 38. Rxd8+ Kc7 39. Rd4
Bh6 40. Rc4+ 1-0

[Event "Bled ol f"]
[Site "?"]
[Date "2002.??.??"]
[Round "12"]
[White "Hunt, Harriet"]
[Black "Starr, Nava"]
[Result "1-0"]
[WhiteElo "2406"]
[BlackElo "2207"]
[PlyCount "135"]
[EventDate "2002.??.??"]
[Source "CFC"]
[SourceDate "2003.04.??"]

1. e4 e5 2. Nf3 Nc6 3. Bb5 f5 4. Nc3 fxe4 5. Nxe4 d5 6. Nxe5 dxe4 7. Nxc6 Qg5
8. Qe2 Nf6 9. Ne5+ c6 10. f4 Qh4+ 11. g3 Qh3 12. Bc4 h5 13. Bf7+ Kd8 14. Qf1
Bc5 15. Bc4 Kc7 16. Qxh3 Bxh3 17. Bf1 Bf5 18. h3 Rhe8 19. c3 a5 20. b3 Nd5 21.
h4 Rad8 22. Bb2 Nf6 23. Be2 Ng4 24. Bxg4 Bxg4 25. Nxg4 hxg4 26. O-O-O Rd3 27.
c4 Re7 28. f5 Rxg3 29. f6 gxf6 30. Bxf6 Re6 31. Bc3 b6 32. h5 Bf8 33. Rdg1
Rxg1+ 34. Rxg1 e3 35. d3 e2 36. Be1 Re3 37. Kc2 Kd7 38. Rxg4 Bb4 39. Rg1 Bxe1
40. Rxe1 Rh3 41. Rxe2 Rxh5 42. Rg2 Rh4 43. Kc3 Rh3 44. Rd2 Kd6 45. Kc2 Kc5 46.
a3 Rh4 47. Kc3 Rh3 48. Rg2 Rh6 49. Rg7 b5 50. b4+ axb4+ 51. axb4+ Kd6 52. cxb5
cxb5 53. Rg5 Kc6 54. Rc5+ Kb6 55. Re5 Kc6 56. Kd4 Rd6+ 57. Ke4 Rh6 58. Rc5+ Kb6
59. Rf5 Kc6 60. d4 Re6+ 61. Re5 Rh6 62. d5+ Kd6 63. Kd4 Rh1 64. Re6+ Kc7 65.
Kc5 Rd1 66. Re7+ Kd8 67. Rh7 Rd2 68. Kc6 1-0

[Event "Bled ol f"]
[Site "?"]
[Date "2002.??.??"]
[Round "12"]
[White "Kagramanov, Dina"]
[Black "Houska, Jovanka"]
[Result "0-1"]
[WhiteElo "2080"]
[BlackElo "2397"]
[PlyCount "82"]
[EventDate "2002.??.??"]
[Source "CFC"]
[SourceDate "2003.04.??"]

1. e4 d5 2. exd5 Qxd5 3. Nc3 Qa5 4. d4 c6 5. Bc4 Nf6 6. Nf3 Bf5 7. Bd2 e6 8.
Nd5 Qd8 9. Nxf6+ Qxf6 10. Qe2 Nd7 11. d5 cxd5 12. Bxd5 Bd6 13. Bc3 Bb4 14. Bxb4
Qxb2 15. O-O Qxb4 16. Rab1 Qc5 17. Bxb7 Rd8 18. Be4 Bxe4 19. Qxe4 O-O 20. Rb7
Qa5 21. Qc6 Nb6 22. c4 Qxa2 23. c5 Nc4 24. Ng5 Qd2 25. h4 h6 26. Ne4 Qd4 27.
Rb4 a5 28. Ra4 Qd3 29. Re1 Rd4 30. Qb7 Rfd8 31. f3 Nd2 32. Rxa5 Nxe4 33. fxe4
Qg3 34. Raa1 Rd2 35. e5 Qf2+ 36. Kh1 Qxh4+ 37. Kg1 Qd4+ 38. Kh1 Qxc5 39. Rf1
Rf2 40. Rfe1 Rf5 41. Rac1 Rh5# 0-1

[Event "Bled ol f"]
[Site "?"]
[Date "2002.??.??"]
[Round "12"]
[White "Richards, Heather"]
[Black "Khaziyeva, Dinara"]
[Result "1-0"]
[WhiteElo "2264"]
[BlackElo "2102"]
[PlyCount "97"]
[EventDate "2002.??.??"]
[Source "CFC"]
[SourceDate "2003.04.??"]

1. e4 c6 2. d4 d5 3. f3 g6 4. c3 Bg7 5. Be3 e5 6. dxe5 Bxe5 7. exd5 Qxd5 8.
Qxd5 cxd5 9. Bb5+ Nc6 10. Ne2 Nge7 11. Nd2 O-O 12. O-O a6 13. Ba4 b5 14. Bb3
Na5 15. Bc5 Nxb3 16. Nxb3 Bf6 17. Nf4 Bb7 18. Rfe1 Rae8 19. Rad1 Kg7 20. Bd6
Rg8 21. Nc5 Bc8 22. Be5 Rd8 23. Rd2 Rge8 24. Bc7 Nf5 25. Red1 Be7 26. Nfd3 Rd7
27. Nxd7 Bxd7 28. Bb6 d4 29. cxd4 Be6 30. b3 Ne3 31. Re1 Nd5 32. Bc5 Bf6 33.
Nb4 Nxb4 34. Bxb4 Rd8 35. d5 Rxd5 36. Rxd5 Bxd5 37. Rd1 Bb7 38. Kf1 Be5 39. h3
h5 40. Rd7 Bc8 41. Rd5 Bf4 42. Bc3+ Kh6 43. Rd8 Bf5 44. Rf8 Be6 45. Ra8 Bf5 46.
h4 g5 47. Rxa6+ Kh7 48. hxg5 b4 49. Rh6+ 1-0

[Event "Bled ol f"]
[Site "?"]
[Date "2002.??.??"]
[Round "13"]
[White "Evans Quek, Debbie"]
[Black "Kagramanov, Dina"]
[Result "0-1"]
[WhiteElo "2047"]
[BlackElo "2088"]
[PlyCount "94"]
[EventDate "2002.??.??"]
[Source "CFC"]
[SourceDate "2003.04.??"]

1. g3 d5 2. Bg2 c6 3. d3 Nf6 4. Nc3 e5 5. Bg5 h6 6. Bd2 Be7 7. e4 O-O 8. Nf3
Qc7 9. O-O Bg4 10. Qe1 Nbd7 11. Nh4 dxe4 12. dxe4 Nb6 13. h3 Be6 14. b3 Rad8
15. Rd1 Bc5 16. Qe2 Rd7 17. Be3 Bb4 18. Nb1 Rfd8 19. Kh2 Nc8 20. a3 Ba5 21.
Rxd7 Qxd7 22. Bc1 Bb6 23. Nf3 Qc7 24. Bb2 Bd4 25. Nxd4 exd4 26. f4 c5 27. Nd2
Nb6 28. Nf3 Bd7 29. Ne5 Be8 30. Ng4 Nxg4+ 31. Qxg4 c4 32. b4 c3 33. Bc1 Nc4 34.
f5 Ne5 35. Qf4 Qd6 36. Rd1 Ba4 37. Be3 d3 38. Bc5 Qf6 39. Rxd3 Nxd3 40. cxd3
Rxd3 41. e5 Qg5 42. Qf2 Rd2 43. Qf1 Bc6 44. e6 fxe6 45. fxe6 Rxg2+ 46. Qxg2
Bxg2 47. e7 Bc6 0-1

[Event "Bled ol f"]
[Site "?"]
[Date "2002.??.??"]
[Round "13"]
[White "Griffith, Catherine"]
[Black "Benggawan, Amanda"]
[Result "1-0"]
[WhiteElo "2005"]
[BlackElo "2046"]
[PlyCount "97"]
[EventDate "2002.??.??"]
[Source "CFC"]
[SourceDate "2003.04.??"]

1. e4 c5 2. Nc3 Nc6 3. g3 g6 4. Bg2 Bg7 5. d3 d6 6. Be3 e5 7. Qd2 Nge7 8. Bh6
Bxh6 9. Qxh6 Nd4 10. Qd2 Qa5 11. Nge2 Be6 12. O-O O-O 13. Nc1 Qd8 14. Nd1 Qd7
15. c3 Ndc6 16. Ne3 d5 17. exd5 Nxd5 18. Nxd5 Bxd5 19. Bxd5 Qxd5 20. Qe3 Rad8
21. Re1 b6 22. h4 Kg7 23. a3 Rfe8 24. b4 c4 25. dxc4 Qxc4 26. Ra2 Re6 27. Rd2
Red6 28. Red1 Rd5 29. Rxd5 Rxd5 30. Rxd5 Qxd5 31. Kf1 Kf6 32. Ke2 Ke6 33. f3 f6
34. Qd3 b5 35. Qe3 Qc4+ 36. Kd2 Qd5+ 37. Kc2 Kd6 38. Kb2 Kc7 39. Nd3 Kd6 40.
Nc5 Ke7 41. Qh6 Qf7 42. Qd2 Nb8 43. Nb7 Qe8 44. Qd6+ Kf7 45. Nd8+ Kg8 46. Qxb8
Qd7 47. Nc6+ Kf7 48. Qxa7 Qxa7 49. Nxa7 1-0

[Event "Bled ol f"]
[Site "?"]
[Date "2002.??.??"]
[Round "13"]
[White "Khaziyeva, Dinara"]
[Black "Powell, Annie"]
[Result "1/2-1/2"]
[WhiteElo "2102"]
[BlackElo "2018"]
[PlyCount "71"]
[EventDate "2002.??.??"]
[Source "CFC"]
[SourceDate "2003.04.??"]

1. c4 e5 2. g3 Nf6 3. Bg2 c6 4. d4 exd4 5. Qxd4 Na6 6. a3 Bc5 7. Qd2 O-O 8. e3
Re8 9. Ne2 Bf8 10. b4 Nc7 11. Nbc3 d5 12. c5 Bf5 13. O-O Qd7 14. Bb2 Ng4 15.
Rad1 Ne5 16. e4 dxe4 17. Qxd7 Bxd7 18. Bxe4 Bh3 19. Rfe1 Bg4 20. Kg2 f5 21. f3
fxe4 22. fxg4 Nxg4 23. Nf4 Nf6 24. Rd4 Nb5 25. Nxb5 cxb5 26. Nd5 Nxd5 27. Rxd5
Rad8 28. Red1 Be7 29. Kf2 Kf7 30. Rxd8 Rxd8 31. Rxd8 Bxd8 32. Ke3 Ke6 33. Kxe4
g6 34. g4 Bc7 35. h3 Bd8 36. Bd4 1/2-1/2

[Event "Bled ol f"]
[Site "?"]
[Date "2002.11.10"]
[Round "14"]
[White "Benggawan, Amanda"]
[Black "Kopinits, Anna Christina"]
[Result "0-1"]
[WhiteElo "2046"]
[BlackElo "2125"]
[PlyCount "116"]
[EventDate "2002.??.??"]
[Source "CFC"]
[SourceDate "2003.04.??"]

1. e4 c5 2. Nf3 Nc6 3. d4 cxd4 4. Nxd4 Nf6 5. Nc3 e5 6. Ndb5 d6 7. Bg5 a6 8.
Na3 b5 9. Nd5 Be7 10. Bxf6 Bxf6 11. c3 O-O 12. Nc2 Bg5 13. a4 bxa4 14. Rxa4 Rb8
15. b4 a5 16. b5 Ne7 17. Nxe7+ Qxe7 18. Bd3 f5 19. c4 Bb7 20. Qe2 f4 21. f3
Bh4+ 22. Kd2 Qc7 23. Rha1 Ra8 24. R1a2 Rfc8 25. Na1 d5 26. Nb3 dxc4 27. Bxc4+
Kh8 28. Kc3 Ra7 29. Rxa5 Be1+ 30. Qxe1 Qxc4+ 31. Kb2 Qc2+ 32. Ka1 Rxa5 33. Nxa5
Qc7 34. Kb1 Rb8 35. Rc2 Qb6 36. Rb2 Ra8 37. Nxb7 Qxb7 38. Qc3 Qd7 39. Qd2 Qa7
40. Ra2 Qg1+ 41. Kb2 Rb8 42. Ra5 Qc5 43. Ka1 h6 44. Qb2 Rd8 45. Ra6 Rd1+ 46.
Ka2 Qc4+ 47. Qb3 Ra1+ 48. Kxa1 Qxb3 49. Ra8+ Kh7 50. Rb8 Qc3+ 51. Kb1 Qc7 52.
Re8 Kg6 53. Re6+ Kf7 54. Rc6 Qa5 55. Rc2 Qxb5+ 56. Kc1 Qf1+ 57. Kb2 g5 58. h3
Kg6 0-1